000
00271nam a2200121Ia 4500
005
20251222154323.0
008
251222s9999||||xx |||||||||||||| ||spa||
082
_a
580/V63
100
_a
"Vidal, Jorge"
245
0
_a
Curso de botĂșnica
250
_a
28a.ed.
942
_c
LIB
999
_c
33846
_d
33846